00842nam a2200205Ia 4500001001000000003000500010008004100015010001100056040000900067100003500076245018500111260003400296300001000330502010600340650003200446650002900478650004400507650003500551710005000586Para_9530CHAP220125s2008 xx 000 0 und d a208204 cCHAP aOrdaz González, Edith Lorena aEfectividad de insecticidas para el control de adultos de Sphenophorus venatus vestitus Chittenden en Iberostar Playa Paraíso, Quintana Roo /c por Edith Lorena Ordaz González aChapingo, Méx. :b el autor a58 h. aTesis (Ing. Agr. Esp. en Parasitología Agrícola) -- UACh. Departamento Parasitología Agrícola 0aCésped x PlagasxControl aInsecticidas x pruebas  aInsectos x resistencia a insecticidas  aSphenophorus venatus vestitus  aUACh. Departamento Parasitología Agrícola